Online Catalogue and eLibrary

Status of Indian women : (Record no. 84)

MARC details
000 -LEADER
fixed length control field 00689cam a2200217 a 4500
001 - CONTROL NUMBER
control field 3446681
005 - DATE AND TIME OF LATEST TRANSACTION
control field 20231127043403.0
008 - FIXED-LENGTH DATA ELEMENTS--GENERAL INFORMATION
fixed length control field 920313s1992 ii b b 001 0 eng
020 ## - INTERNATIONAL STANDARD BOOK NUMBER
ISBN 8185565023 :
040 ## - CATALOGING SOURCE (பட்டியலாக்க மூலம்)
Original cataloging agency DLC
Transcribing agency DLC
Modifying agency DLC
082 00 - DDC Classification
Class No. 305.42/0954
DDC Edition Number 20
Item Number - Author Mark SHA.
100 1# - MAIN ENTRY--PERSONAL NAME
Personal name Sharan, B. R.
245 10 - TITLE STATEMENT
Title Status of Indian women :
Remainder of title a historical perspective /
Statement of responsibility, etc. B.R. Sharan ; foreword, D.K. Bhatt.
260 ## - PUBLICATION, DISTRIBUTION, ETC.
Place of publication, distribution, etc. New Delhi :
Name of publisher, distributor, etc. Uppal Pub. House,
Date of publication, distribution, etc. 1992.
300 ## - PHYSICAL DESCRIPTION
Extent (e.g. Volumes, Pages etc.) xiii, 189 p. :
500 ## - GENERAL NOTE
General note "Under the auspices of Joint Women's Programme and I.S.P.C.K."
500 ## - GENERAL NOTE
General note Copyright: William Carey Study and Research Centre.
500 ## - GENERAL NOTE
General note Includes index.
650 #0 - SUBJECT ADDED ENTRY--TOPICAL TERM
Topical term or geographic name entry element Women
942 ## - Koha item type (Biblio)
Koha item type Books in Stacks (Lending)
Holdings
Lost status Damaged status Collection code Home library Current library Date acquired Full call number Accession Number Item type
    Lending WERC Library WERC Library 11/27/2023 305.42/0954 SHA. 1712 Books in Stacks (Lending)

© WERC Library